[Event "Toronto Annex op"]
[Site "Toronto"]
[Date "2023.09.03"]
[Round "4"]
[White "Noritsyn, Nikolay"]
[Black "Calugar, Arthur"]
[Result "0-1"]
[WhiteElo "2465"]
[BlackElo "2263"]
[PlyCount "128"]
[EventDate "2023.09.02"]
[EventType "swiss"]
[EventRounds "6"]
[EventCountry "CAN"]
[SourceTitle "EXT 2024"]
[Source "ChessBase"]
[SourceDate "2023.10.10"]
[SourceVersion "1"]
[SourceVersionDate "2023.10.10"]
[SourceQuality "1"]

1. e4 c5 2. Nf3 Nc6 3. Bb5 g6 4. 0-0 Bg7 5. c3 Nf6 6. Re1 0-0 7. d4 d5 8. e5 Ne4 9. Be3 Qb6 10. Bxc6 bxc6 11. Qc1 c4 12. Nbd2 Nxd2 13. Nxd2 Bf5 14. b3 Bd3 15. Qa3 Rfe8 16. Bf4 e6 17. Qc1 a5 18. Be3 Qb7 19. Bg5 Reb8 20. h4 h5 21. Re3 Ra7 22. Bf6 Bh6 23. Rg3 Qb6 24. Qd1 Kh7 25. Rc1 Rab7 26. Bg5 Bg7 27. Bf6 Bh6 28. Ra1 Bf5 29. Bg5 Bxg5 30. Rxg5 c5 31. dxc5 Qxc5 32. Rc1 Qa3 33. bxc4 dxc4 34. Kh2 Qc5 35. Qe1 Rb2 36. a4 Rd8 37. Nf3 Qxf2 38. Qxf2 Rxf2 39. Nd4 Bd3 40. Re1 Ra2 41. Re3 Rxa4 42. g4 Ra2+ 43. Kg3 hxg4 44. Rxg4 a4 45. Re1 a3 46. Nc6 Ra8 47. Nb4 Rb2 48. Ra1 Rb3 49. Kf4 Rxc3 50. Kg5 Be2 51. Rg2 Bh5 52. Kf6 Ra7 53. Rf2 Rb3 54. Nc6 Ra8 55. Ke7 Rb7+ 56. Kf6 Rb2 57. Rff1 c3 58. Nd4 c2 59. Kg5 Kg7 60. Rac1 Ra4 61. Rf4 Rb1 62. Nxe6+ fxe6 63. Rxa4 Rxc1 64. Ra7+ Kf8 0-1

[Event "Toronto Annex op"]
[Site "Toronto"]
[Date "2023.09.02"]
[Round "2"]
[White "Huang, Youhe"]
[Black "Calugar, Arthur"]
[Result "0-1"]
[WhiteElo "2083"]
[BlackElo "2263"]
[PlyCount "124"]
[EventDate "2023.09.02"]
[EventType "swiss"]
[EventRounds "6"]
[EventCountry "CAN"]
[SourceTitle "EXT 2024"]
[Source "ChessBase"]
[SourceDate "2023.10.10"]
[SourceVersion "1"]
[SourceVersionDate "2023.10.10"]
[SourceQuality "1"]

1. e4 c5 2. Nc3 Nc6 3. Bb5 Nd4 4. Nf3 e6 5. Ba4 a6 6. Nxd4 cxd4 7. Ne2 Nf6 8. d3 Qa5+ 9. c3 dxc3 10. bxc3 b5 11. Bc2 b4 12. Bd2 bxc3 13. Bxc3 Qc7 14. Qd2 Bb7 15. Ba5 Qc6 16. 0-0 Ba3 17. Rab1 0-0 18. Rb6 Qc8 19. Rfb1 Bc6 20. Qc3 Bd6 21. Nd4 Be5 22. Qc5 Bxd4 23. Qxd4 Bxe4 24. Bc3 Bd5 25. Bb3 Bxb3 26. R1xb3 Re8 27. Qe5 h6 28. R3b4 Kh7 29. g4 Rg8 30. Rc4 Qd8 31. Rb7 Rc8 32. Rxc8 Qxc8 33. Rb4 d6 34. Qe1 Nd5 35. Rc4 Qb7 36. Qe4+ Kh8 37. Kg2 Nf4+ 38. Kg3 Nd5 39. Qf3 Qe7 40. Bd2 Rb8 41. h4 Qd7 42. g5 hxg5 43. hxg5 Kg8 44. Rh4 Ne7 45. Rh3 e5 46. Qh1 Ng6 47. Qd5 Re8 48. Rh5 Rd8 49. Rh1 Qf5 50. Qe4 Qe6 51. Qb7 Qxa2 52. Qc7 Rf8 53. Bb4 Qd5 54. f3 Qxd3 55. Qxd6 Qf5 56. Qd2 Rc8 57. Re1 Nf4 58. Be7 Re8 59. Rh1 Ne6 60. Ba3 Nxg5 61. Qe3 e4 62. f4 Rd8 0-1

[Event "Titled Tuesday intern op 28th Mar Late"]
[Site "Chess.com INT"]
[Date "2023.03.28"]
[Round "4"]
[White "Calugar, Arthur"]
[Black "Gruzman, Ilya"]
[Result "0-1"]
[WhiteElo "2263"]
[BlackElo "2131"]
[PlyCount "64"]
[EventDate "2023.03.28"]
[EventType "swiss (blitz)"]
[EventRounds "11"]
[EventCountry "USA"]
[SourceTitle "EXT 2024"]
[Source "ChessBase"]
[SourceDate "2023.10.10"]
[SourceVersion "1"]
[SourceVersionDate "2023.10.10"]
[SourceQuality "1"]

1. e4 c5 2. Nf3 e6 3. d4 cxd4 4. Nxd4 Nf6 5. Nc3 Nc6 6. Nxc6 bxc6 7. e5 Nd5 8. Ne4 Qc7 9. f4 Qb6 10. Bd3 Be7 11. Qe2 0-0 12. a3 f5 13. exf6 Nxf6 14. Rb1 d5 15. Ng5 Bxa3 16. Nxe6 Bxe6 17. Qxe6+ Kh8 18. Be3 Bc5 19. Bxc5 Qxc5 20. Kd1 Rae8 21. Qh3 Ne4 22. Bxe4 Rxe4 23. b4 Qf2 24. Qf3 Rd4+ 25. Kc1 Qd2+ 26. Kb2 Rxb4+ 27. Ka3 Rfb8 28. Rb3 c5 29. Rhb1 Qxc2 30. Rxb4 cxb4+ 31. Rxb4 Qc5 32. Qb3 a5 0-1

[Event "Titled Tuesday intern op 30th June"]
[Site "Chess.com INT"]
[Date "2020.06.30"]
[Round "1"]
[White "Calugar, Arthur"]
[Black "Benitez Galeano, Alejandro"]
[Result "1-0"]
[WhiteElo "2263"]
[BlackElo "2201"]
[PlyCount "61"]
[EventDate "2020.06.30"]
[EventType "swiss (blitz)"]
[EventRounds "10"]
[EventCountry "USA"]
[SourceTitle "CBM 197 Extra"]
[Source "ChessBase"]
[SourceDate "2020.09.30"]
[SourceVersion "1"]
[SourceVersionDate "2020.09.30"]
[SourceQuality "1"]

1. e4 c5 2. Nf3 e6 3. d4 cxd4 4. Nxd4 Nc6 5. Nc3 Qc7 6. Be3 a6 7. Qd2 Nf6 8. 0-0-0 b5 9. Bf4 d6 10. Nxc6 Qxc6 11. e5 b4 12. exf6 bxc3 13. Qxc3 Qxc3 14. bxc3 e5 15. Bg5 gxf6 16. Bxf6 Rg8 17. g3 Be7 18. Bxe7 Kxe7 19. Bg2 Rb8 20. Bd5 Rb5 21. Rhe1 Bg4 22. Rd4 Bf5 23. f4 Rgb8 24. Bb3 f6 25. fxe5 dxe5 26. Rh4 Bg6 27. Rc4 Rd8 28. Rc6 Rd6 29. Rc7+ Rd7 30. Rxd7+ Kxd7 31. Ba4 1-0

[Event "Titled Tuesday intern op 5th May"]
[Site "Chess.com INT"]
[Date "2020.05.05"]
[Round "1"]
[White "Berdnyk, Mariia"]
[Black "Calugar, Arthur"]
[Result "0-1"]
[WhiteElo "2324"]
[BlackElo "2263"]
[PlyCount "96"]
[EventDate "2020.05.05"]
[EventType "swiss (blitz)"]
[EventRounds "10"]
[EventCountry "USA"]
[SourceTitle "EXT 2021"]
[Source "ChessBase"]
[SourceDate "2020.10.23"]
[SourceVersion "1"]
[SourceVersionDate "2020.10.23"]
[SourceQuality "1"]

1. d4 Nf6 2. c4 e6 3. g3 Bb4+ 4. Bd2 Be7 5. Nf3 d5 6. Bg2 0-0 7. 0-0 c6 8. Qc2 Nbd7 9. Bf4 b6 10. Nc3 dxc4 11. e4 a5 12. Rad1 b5 13. Ne5 Nxe5 14. dxe5 Nd7 15. a4 Ba6 16. Rd2 Qc7 17. Rfd1 Rad8 18. axb5 cxb5 19. Rd6 Bxd6 20. exd6 Qc5 21. Be3 Qh5 22. f4 b4 23. Na4 Bb5 24. Nb6 Rb8 25. Nxd7 Bxd7 26. e5 c3 27. bxc3 bxc3 28. Rf1 Rfc8 29. Bd4 Rb2 30. Qe4 Bc6 31. Qxc6 Rxc6 32. d7 Rb8 33. Bxc6 c2 34. Bb6 Qd1 35. Be3 Rd8 36. Ba4 Qd3 37. Kf2 g5 38. Rc1 Qa3 39. Bxc2 Rxd7 40. Be4 a4 41. Rc8+ Kg7 42. fxg5 Qb2+ 43. Kf3 Rd1 44. h4 Rf1+ 45. Kg4 Qe2+ 46. Kh3 Qxe3 47. Bg2 Rg1 48. h5 Qxg5 0-1

[Event "Titled Tuesday intern op 5th May"]
[Site "Chess.com INT"]
[Date "2020.05.05"]
[Round "3"]
[White "Calugar, Arthur"]
[Black "Praggnanandhaa, Rameshbabu"]
[Result "0-1"]
[WhiteElo "2263"]
[BlackElo "2608"]
[PlyCount "102"]
[EventDate "2020.05.05"]
[EventType "swiss (blitz)"]
[EventRounds "10"]
[EventCountry "USA"]
[SourceTitle "EXT 2021"]
[Source "ChessBase"]
[SourceDate "2020.10.23"]
[SourceVersion "1"]
[SourceVersionDate "2020.10.23"]
[SourceQuality "1"]

1. e4 c5 2. Nf3 e6 3. d4 cxd4 4. Nxd4 a6 5. Bd3 Bc5 6. Nb3 Be7 7. Qg4 g6 8. Qe2 d6 9. Be3 Qc7 10. Na3 Nd7 11. Nc4 b5 12. Nca5 Ne5 13. 0-0 Nf6 14. a4 0-0 15. axb5 axb5 16. f4 Nxd3 17. cxd3 Bb7 18. f5 exf5 19. Nxb7 Qxb7 20. exf5 Rxa1 21. Rxa1 Re8 22. fxg6 hxg6 23. Bd4 Bd8 24. Qf2 Qd5 25. Bxf6 Bxf6 26. Qxf6 Qxb3 27. Qc3 Qxc3 28. bxc3 Re2 29. Ra6 Rc2 30. Rxd6 Rxc3 31. Kf2 b4 32. Kf3 b3 33. Ke3 Rc2 34. Kf3 b2 35. Rb6 Rd2 36. d4 Kf8 37. h4 Ke7 38. g3 Rd3+ 39. Kf2 Rd2+ 40. Ke3 Rg2 41. Kf3 Rd2 42. Ke3 Rg2 43. Kf3 Rc2 44. Ke4 f5+ 45. Kf4 Rf2+ 46. Kg5 Rg2 47. Kxg6 f4 48. Kf5 f3 49. Kg4 f2 50. Rb7+ Kd6 51. Rxb2 f1Q 0-1

[Event "Titled Tuesday intern op 21st April"]
[Site "Chess.com INT"]
[Date "2020.04.21"]
[Round "5"]
[White "Fajdetic, Hrvoje"]
[Black "Calugar, Arthur"]
[Result "0-1"]
[WhiteElo "2151"]
[BlackElo "2263"]
[PlyCount "124"]
[EventDate "2020.04.21"]
[EventType "swiss (blitz)"]
[EventRounds "10"]
[EventCountry "USA"]
[SourceTitle "EXT 2021"]
[Source "ChessBase"]
[SourceDate "2020.10.23"]
[SourceVersion "1"]
[SourceVersionDate "2020.10.23"]
[SourceQuality "1"]

1. d4 Nf6 2. Bf4 g6 3. Nc3 d5 4. e3 Bg7 5. h4 h5 6. Nf3 0-0 7. Ne5 c5 8. Be2 Nc6 9. f3 cxd4 10. exd4 Ne8 11. Qd2 Nxe5 12. dxe5 Nc7 13. 0-0-0 d4 14. Qxd4 Qxd4 15. Rxd4 Ne6 16. Re4 Nxf4 17. Rxf4 Bh6 18. g3 Be6 19. Kb1 Bxf4 20. gxf4 Rfd8 21. Ne4 Rd4 22. c3 Rdd8 23. Kc1 Bxa2 24. Rg1 Bd5 25. f5 Kh7 26. e6 Bxe4 27. fxe4 fxe6 28. Rxg6 exf5 29. exf5 Rd6 30. Rg5 Rf8 31. Bxh5 Kh6 32. Bg6 e6 33. Rh5+ Kg7 34. Rh7+ Kf6 35. Rh5 exf5 36. Bxf5 Rd5 37. Bg4 Rxh5 38. Bxh5 Rh8 39. Bf3 b6 40. h5 Kf5 41. Bd1 Kf4 42. Kc2 Kg5 43. b4 Rd8 44. Be2 Re8 45. Bd1 Re3 46. Kd2 Rh3 47. c4 Kf4 48. c5 Ke5 49. cxb6 axb6 50. Kc2 Kd4 51. Kb2 Kc4 52. Bg4 Rh2+ 53. Kc1 Kxb4 54. Bf3 Kc3 55. Kd1 b5 56. Kc1 b4 57. Kb1 b3 58. Kc1 Rf2 59. Bd1 b2+ 60. Kb1 Rf1 61. Ka2 Rxd1 62. h6 Ra1# 0-1

[Event "Titled Tuesday intern op 14th April"]
[Site "Chess.com INT"]
[Date "2020.04.14"]
[Round "2"]
[White "Calugar, Arthur"]
[Black "Leve, Nitai D"]
[Result "0-1"]
[WhiteElo "2263"]
[BlackElo "2128"]
[PlyCount "122"]
[EventDate "2020.04.14"]
[EventType "swiss (blitz)"]
[EventRounds "10"]
[EventCountry "USA"]
[SourceTitle "EXT 2021"]
[Source "ChessBase"]
[SourceDate "2020.10.23"]
[SourceVersion "1"]
[SourceVersionDate "2020.10.23"]
[SourceQuality "1"]

1. e4 e6 2. d4 d5 3. e5 c5 4. c3 Qb6 5. Nf3 Bd7 6. Be2 Bb5 7. 0-0 Bxe2 8. Qxe2 cxd4 9. cxd4 Nc6 10. Be3 Nge7 11. Na3 a6 12. Nc2 Nf5 13. a3 Be7 14. g4 Nxe3 15. fxe3 f6 16. exf6 gxf6 17. e4 0-0-0 18. exd5 exd5 19. a4 Rhg8 20. Kh1 Kb8 21. a5 Qc7 22. b4 Rxg4 23. b5 axb5 24. a6 b6 25. Qxb5 Na7 26. Qe2 Bd6 27. Rac1 Qf7 28. Ne3 Re4 29. Ng5 Qe7 30. Nxe4 Qxe4+ 31. Rf3 Qxd4 32. Nf5 Qe4 33. Qxe4 dxe4 34. Rb3 Bc7 35. Re1 Re8 36. Kg2 Nc6 37. Rc1 Ne5 38. Rbc3 Rg8+ 39. Kf1 Bd8 40. Nd6 Ka7 41. Ra3 Be7 42. Nb5+ Ka8 43. Nc7+ Ka7 44. Nb5+ Ka8 45. Rac3 Bc5 46. Rxc5 bxc5 47. Rxc5 Nd3 48. Rc7 Nb4 49. a7 e3 50. Ke2 Re8 51. Nd6 Re6 52. Nb5 Re8 53. Nd6 Re6 54. Nf5 Nd5 55. Rc8+ Kxa7 56. Kf3 e2 57. Nd4 e1Q 58. Nxe6 Qxe6 59. Rc4 Qf5+ 60. Ke2 Nf4+ 61. Kd2 Qd3+ 0-1

[Event "North American op 28th"]
[Site "Las Vegas"]
[Date "2018.12.28"]
[Round "6"]
[White "Li, Eric"]
[Black "Calugar, Arthur"]
[Result "1/2-1/2"]
[WhiteElo "2045"]
[BlackElo "2208"]
[PlyCount "48"]
[EventDate "2018.12.26"]
[EventType "swiss"]
[EventRounds "9"]
[EventCountry "USA"]
[SourceTitle "CBM 188 Extra"]
[Source "ChessBase"]
[SourceDate "2019.02.26"]
[SourceVersion "1"]
[SourceVersionDate "2019.02.26"]
[SourceQuality "1"]

1. d4 Nf6 2. c4 g6 3. Nc3 d5 4. cxd5 Nxd5 5. e4 Nxc3 6. bxc3 Bg7 7. Nf3 c5 8. Rb1 0-0 9. Be2 Qa5 10. Qd2 cxd4 11. cxd4 Qxd2+ 12. Bxd2 Nc6 13. d5 Nd4 14. Nxd4 Bxd4 15. Bb4 Bf6 16. f4 Rd8 17. Bf3 e5 18. dxe6 Bxe6 19. e5 Bf5 20. Rc1 Re8 21. Bxb7 Rab8 22. Bc6 Rec8 23. exf6 Rxb4 24. 0-0 Rb6 1/2-1/2

[Event "North American op 28th"]
[Site "Las Vegas"]
[Date "2018.12.26"]
[Round "2"]
[White "Calugar, Arthur"]
[Black "Zhu, Jack Q"]
[Result "1/2-1/2"]
[WhiteElo "2208"]
[BlackElo "2364"]
[PlyCount "47"]
[EventDate "2018.12.26"]
[EventType "swiss"]
[EventRounds "9"]
[EventCountry "USA"]
[SourceTitle "CBM 188 Extra"]
[Source "ChessBase"]
[SourceDate "2019.02.26"]
[SourceVersion "1"]
[SourceVersionDate "2019.02.26"]
[SourceQuality "1"]

1. e4 e5 2. Nf3 Nc6 3. Bc4 Nf6 4. d3 Bc5 5. c3 a6 6. 0-0 Ba7 7. Nbd2 d6 8. Bb3 Ne7 9. Re1 Ng6 10. Nf1 0-0 11. Ng3 c6 12. h3 b5 13. d4 h6 14. Nf5 d5 15. Nxe5 Nxe5 16. dxe5 Nxe4 17. Nxh6+ gxh6 18. Rxe4 dxe4 19. Qh5 e3 20. Qg6+ Kh8 21. Qxh6+ Kg8 22. Qg6+ Kh8 23. Qh6+ Kg8 24. Qg6+ 1/2-1/2

[Event "Dallas UT Fall op"]
[Site "Dallas"]
[Date "2015.11.21"]
[Round "3"]
[White "Calugar, Arthur"]
[Black "Bartholomew, John"]
[Result "0-1"]
[WhiteElo "2206"]
[BlackElo "2448"]
[PlyCount "66"]
[EventDate "2015.11.20"]
[EventType "swiss"]
[EventRounds "9"]
[EventCountry "USA"]
[SourceTitle "CBM 169 Extra"]
[Source "ChessBase"]
[SourceDate "2015.12.18"]
[SourceVersion "1"]
[SourceVersionDate "2015.12.18"]
[SourceQuality "1"]

1. e4 d5 2. exd5 Qxd5 3. Nc3 Qd8 4. d4 Nf6 5. Bc4 a6 6. Nf3 b5 7. Bb3 c5 8. dxc5 Qxd1+ 9. Nxd1 e6 10. Be3 Ne4 11. Nc3 Nxc5 12. Bxc5 Bxc5 13. a4 b4 14. Ne4 Be7 15. 0-0-0 Bb7 16. Nd6+ Bxd6 17. Rxd6 Nd7 18. a5 Ke7 19. Rhd1 Nc5 20. Rb6 Rab8 21. Nd4 Ba8 22. Rxb8 Rxb8 23. Bc4 Rc8 24. f3 Bb7 25. Nb3 Nd7 26. Be2 e5 27. f4 Nc5 28. Nxc5 Rxc5 29. Bg4 Bxg2 30. Rd7+ Ke8 31. Rd6 exf4 32. Rd4 g5 33. Rxb4 f3 0-1

[Event "Pan American Intercollegiate-chT"]
[Site "South Padre Island"]
[Date "2014.12.29"]
[Round "4.4"]
[White "Shoker, Samy"]
[Black "Calugar, Arthur"]
[Result "0-1"]
[WhiteElo "2477"]
[BlackElo "2227"]
[PlyCount "144"]
[EventDate "2014.12.27"]
[EventType "team-swiss"]
[EventRounds "6"]
[EventCountry "USA"]
[SourceTitle "CBM 164 Extra"]
[Source "ChessBase"]
[SourceDate "2015.03.02"]
[SourceVersion "1"]
[SourceVersionDate "2015.03.02"]
[SourceQuality "1"]
[WhiteTeam "TXTEK"]
[BlackTeam "Dallas UT II"]
[WhiteTeamCountry "USA"]
[BlackTeamCountry "USA"]

1. Nf3 Nf6 2. g3 g6 3. Bg2 Bg7 4. 0-0 0-0 5. d3 d5 6. Nbd2 b6 7. e4 dxe4 8. dxe4 Bb7 9. Qe2 Nc6 10. e5 Ng4 11. Nb3 Qc8 12. Bf4 a5 13. Rfd1 a4 14. Nbd4 Nxd4 15. Nxd4 Bxg2 16. Kxg2 c5 17. Nf3 Qc6 18. h3 Nh6 19. Qd2 Nf5 20. Qd7 Qe4 21. Rd3 Nh4+ 22. gxh4 Qxf4 23. Re1 Qc4 24. Qd5 Qxc2 25. e6 fxe6 26. Rxe6 Kh8 27. Rxe7 Qxb2 28. Qe4 Qb4 29. Qe2 Qb5 30. Rxg7 Kxg7 31. Qe5+ Rf6 32. Rd6 Raf8 33. Ng5 Qe8 34. Re6 Qd8 35. Rxf6 Qxf6 36. Qc7+ Rf7 37. Nxf7 Qxf7 38. Qxb6 Qd5+ 39. Kg3 Qxa2 40. Qa7+ Qf7 41. Qxc5 Qb3+ 42. f3 h5 43. Qa7+ Kh6 44. Qa8 Kg7 45. Qa7+ Kf6 46. Qd4+ Ke7 47. Qg7+ Kd8 48. Qf6+ Kc7 49. Qg7+ Kc8 50. Qf8+ Kb7 51. Qe7+ Ka8 52. Qe4+ Ka7 53. Qd4+ Ka6 54. Qd6+ Kb5 55. Qe5+ Kc4 56. Qe2+ Qd3 57. Qa2+ Kb4 58. Qb2+ Kc5 59. Qe5+ Kc6 60. Qe8+ Qd7 61. Qe4+ Kc7 62. f4 Qc6 63. Qb4 Qc2 64. Qa5+ Kc6 65. Qa6+ Kd5 66. Qb5+ Kd4 67. Qb6+ Kc4 68. Qc6+ Kb3 69. Qe6+ Kb2 70. Qd6 a3 71. f5 a2 72. fxg6 a1Q 0-1

[Event "Pan American Intercollegiate-chT"]
[Site "South Padre Island"]
[Date "2014.12.28"]
[Round "3.1"]
[White "Calugar, Arthur"]
[Black "Durarbayli, Vasif"]
[Result "1-0"]
[WhiteElo "2227"]
[BlackElo "2621"]
[PlyCount "74"]
[EventDate "2014.12.27"]
[EventType "team-swiss"]
[EventRounds "6"]
[EventCountry "USA"]
[SourceTitle "CBM 164 Extra"]
[Source "ChessBase"]
[SourceDate "2015.03.02"]
[SourceVersion "1"]
[SourceVersionDate "2015.03.02"]
[SourceQuality "1"]
[WhiteTeam "Dallas UT II"]
[BlackTeam "WEBST"]
[WhiteTeamCountry "USA"]
[BlackTeamCountry "USA"]

1. Nf3 Nf6 2. b3 e6 3. Bb2 b6 4. e3 c5 5. d4 cxd4 6. exd4 Bb7 7. Bd3 Be7 8. Nbd2 0-0 9. 0-0 d6 10. Qe2 Re8 11. Ng5 h6 12. Nge4 Nc6 13. a3 Nd5 14. f4 f5 15. c4 Bf8 16. Ng3 Nf6 17. b4 d5 18. c5 bxc5 19. dxc5 a5 20. Bb5 Ne4 21. Nb3 axb4 22. axb4 Rxa1 23. Rxa1 Qb8 24. Be5 Qc8 25. Kh1 Nxe5 26. Bxe8 Nd3 27. Qh5 Qc7 28. Qf7+ Qxf7 29. Bxf7+ Kxf7 30. Ra7 Nxf4 31. c6 Bd6 32. cxb7 Kf6 33. Ra8 Nf2+ 34. Kg1 N2d3 35. b8Q Bxb8 36. Rxb8 h5 37. h4 g5 1-0

[Event "Richardson UTD Fall op"]
[Site "Richardson"]
[Date "2014.11.25"]
[Round "8"]
[White "Sadorra, Julio Catalino"]
[Black "Calugar, Arthur"]
[Result "1-0"]
[WhiteElo "2596"]
[BlackElo "2209"]
[PlyCount "67"]
[EventDate "2014.11.21"]
[EventType "swiss"]
[EventRounds "9"]
[EventCountry "USA"]
[SourceTitle "CBM 163 Extra"]
[Source "ChessBase"]
[SourceDate "2014.12.23"]
[SourceVersion "1"]
[SourceVersionDate "2014.12.23"]
[SourceQuality "1"]

1. d4 d5 2. c4 c6 3. cxd5 cxd5 4. Bf4 Nf6 5. Nc3 a6 6. e3 Nc6 7. Bd3 e6 8. Rc1 Bd6 9. Bxd6 Qxd6 10. f4 b5 11. Nf3 Bb7 12. 0-0 0-0 13. Ne5 Ne7 14. Qf3 Nd7 15. Qh3 f5 16. g4 Nxe5 17. fxe5 Qd7 18. a3 b4 19. axb4 Bc6 20. Rf2 g6 21. gxf5 exf5 22. Rfc2 Rfb8 23. Ne2 Rxb4 24. Nf4 a5 25. Qg2 Rab8 26. Rxc6 Nxc6 27. Nxd5 Kh8 28. Nf6 Qg7 29. Rxc6 Qh6 30. Qf2 Qg5+ 31. Kh1 Rxb2 32. Qxb2 Rxb2 33. Rc8+ Kg7 34. Rc7+ 1-0

[Event "Richardson UTD Fall op"]
[Site "Richardson"]
[Date "2014.11.21"]
[Round "1"]
[White "Calugar, Arthur"]
[Black "Kosintseva, Nadezhda"]
[Result "1-0"]
[WhiteElo "2209"]
[BlackElo "2517"]
[PlyCount "71"]
[EventDate "2014.11.21"]
[EventType "swiss"]
[EventRounds "9"]
[EventCountry "USA"]
[SourceTitle "CBM 163 Extra"]
[Source "ChessBase"]
[SourceDate "2014.12.23"]
[SourceVersion "1"]
[SourceVersionDate "2014.12.23"]
[SourceQuality "1"]

1. e4 c5 2. Nf3 Nc6 3. d4 cxd4 4. Nxd4 Nf6 5. Nc3 d6 6. Be2 g6 7. 0-0 Bg7 8. Be3 0-0 9. h3 Bd7 10. Qd2 Rc8 11. Nxc6 Bxc6 12. Bf3 Nd7 13. Bd4 Qa5 14. Rfd1 Bxd4 15. Qxd4 a6 16. a4 Qg5 17. Bg4 f5 18. exf5 gxf5 19. f4 Qg6 20. Nd5 Rf7 21. Be2 Nc5 22. Ra3 e6 23. Bh5 Bxd5 24. Bxg6 hxg6 25. c4 Be4 26. b4 Nd7 27. Qxd6 Nf8 28. Rg3 Rxc4 29. h4 Rcc7 30. Qe5 Bd5 31. h5 Kh7 32. Rdd3 gxh5 33. Rg5 Rg7 34. Rh3 Ng6 35. Rhxh5+ Kg8 36. Rxg6 1-0

[Event "North American-ch U20"]
[Site "Kitchener"]
[Date "2014.08.02"]
[Round "5.8"]
[White "Calugar, Arthur"]
[Black "Plotkin, Mark"]
[Result "0-1"]
[WhiteElo "2295"]
[BlackElo "2036"]
[PlyCount "86"]
[EventDate "2014.07.31"]
[EventType "swiss"]
[EventRounds "9"]
[EventCountry "CAN"]
[SourceTitle "EXT 2022"]
[Source "ChessBase"]
[SourceDate "2021.10.06"]
[SourceVersion "1"]
[SourceVersionDate "2021.10.06"]
[SourceQuality "1"]

1. e4 c5 2. Nf3 e6 3. d4 cxd4 4. Nxd4 Nf6 5. Bd3 Nc6 6. Nxc6 bxc6 7. 0-0 d5 8. e5 Nd7 9. f4 Ba6 10. Nc3 Be7 11. b3 0-0 12. Bxh7+ Kxh7 13. Qh5+ Kg8 14. Rf3 f5 15. Rh3 Bc5+ 16. Kh1 Nb6 17. Qh7+ Kf7 18. Rh6 Qd7 19. Be3 Bxe3 20. Rf6+ Ke8 21. Qg6+ Rf7 22. Rxe6+ Kf8 23. Rxc6 Qe8 24. Rd6 Bc5 25. Nxd5 Bxd6 26. Qxd6+ Kg8 27. Nc7 Qd7 28. Nxa6 Qxd6 29. exd6 Rd8 30. c4 Nxc4 31. bxc4 Rxd6 32. Nb4 Rc7 33. Nd5 Rxc4 34. Ne3 Rxf4 35. h3 Rf2 36. Rc1 Rdd2 37. g3 Rxa2 38. Kg1 Rfe2 39. Nxf5 Rg2+ 40. Kh1 Rh2+ 41. Kg1 Rag2+ 42. Kf1 Rh1+ 43. Kxg2 Rxc1 0-1

[Event "North American-ch U20"]
[Site "Kitchener"]
[Date "2014.08.01"]
[Round "4.3"]
[White "Sohal, Tanraj"]
[Black "Calugar, Arthur"]
[Result "1-0"]
[WhiteElo "2186"]
[BlackElo "2295"]
[PlyCount "59"]
[EventDate "2014.07.31"]
[EventType "swiss"]
[EventRounds "9"]
[EventCountry "CAN"]
[SourceTitle "EXT 2022"]
[Source "ChessBase"]
[SourceDate "2021.10.06"]
[SourceVersion "1"]
[SourceVersionDate "2021.10.06"]
[SourceQuality "1"]

1. d4 Nf6 2. c4 g6 3. Nc3 d5 4. cxd5 Nxd5 5. e4 Nxc3 6. bxc3 Bg7 7. Be3 0-0 8. Qd2 c5 9. Rc1 Qa5 10. Nf3 Nc6 11. d5 Rd8 12. Bd3 e6 13. c4 Nb4 14. Bb1 Bb2 15. 0-0 Bxc1 16. Rxc1 Nc6 17. Qb2 Nd4 18. Nxd4 cxd4 19. Qxd4 Re8 20. Qe5 Qd8 21. Bg5 exd5 22. Qf4 Qb6 23. cxd5 Bd7 24. h4 Rac8 25. Rxc8 Rxc8 26. Bd3 Qc5 27. Qf6 Qc3 28. e5 Re8 29. f4 Qe1+ 30. Kh2 1-0

[Event "Dallas UTD-B"]
[Site "Dallas"]
[Date "2013.11.21"]
[Round "1"]
[White "Labedz, Patrycja"]
[Black "Calugar, Arthur"]
[Result "1-0"]
[WhiteElo "2102"]
[BlackElo "2334"]
[PlyCount "98"]
[EventDate "2013.11.21"]
[EventType "tourn"]
[EventRounds "9"]
[EventCountry "USA"]
[EventCategory "2"]
[SourceTitle "CBM 157 Extra"]
[Source "ChessBase"]
[SourceDate "2013.12.19"]
[SourceVersion "1"]
[SourceVersionDate "2013.12.19"]
[SourceQuality "1"]

1. d4 Nf6 2. Nf3 g6 3. Nbd2 d5 4. e3 Bg7 5. b4 b6 6. Bb2 0-0 7. c4 Nbd7 8. Be2 c5 9. dxc5 bxc5 10. b5 Bb7 11. 0-0 Qc7 12. Rc1 e5 13. cxd5 Bxd5 14. Bc4 Rfd8 15. Qb3 Bxc4 16. Nxc4 Re8 17. Rfd1 h6 18. h3 e4 19. Nfd2 Rad8 20. Qc2 g5 21. Nf1 Nb6 22. Rxd8 Qxd8 23. Ng3 Qd5 24. Nd2 Qxa2 25. Nf5 Qd5 26. Nxg7 Kxg7 27. Nf1 Nbd7 28. Rd1 Qe6 29. Qc3 Ne5 30. Ng3 Kg6 31. Ra1 Qc4 32. Ra6 Qxb5 33. Rd6 Qb7 34. Qxe5 Rxe5 35. Bxe5 Kh7 36. Rxf6 Qd5 37. Rf5 Qd7 38. Bc3 c4 39. Re5 Qd3 40. Nxe4 f5 41. Nf6+ Kg6 42. Nd5 Kf7 43. Re7+ Kg8 44. Bd4 Qa3 45. Rxa7 Qd6 46. Ne7+ Kf8 47. Nxf5 Qb4 48. Ng7 c3 49. Bc5+ Qxc5 1-0

[Event "Quebec-ch op"]
[Site "Montreal"]
[Date "2013.07.25"]
[Round "6"]
[White "Calugar, Arthur"]
[Black "Vanheirzeele, Daniel"]
[Result "1-0"]
[WhiteElo "2282"]
[BlackElo "2116"]
[PlyCount "57"]
[EventDate "2013.07.21"]
[EventType "swiss"]
[EventRounds "9"]
[EventCountry "CAN"]
[SourceTitle "EXT 2014"]
[Source "ChessBase"]
[SourceDate "2013.11.20"]
[SourceVersion "1"]
[SourceVersionDate "2013.11.20"]
[SourceQuality "1"]

1. e4 c5 2. Nf3 d6 3. d4 cxd4 4. Nxd4 Nf6 5. Nc3 g6 6. Be3 Bg7 7. f3 Nc6 8. Qd2 0-0 9. Bc4 Bd7 10. 0-0-0 Rb8 11. Bb3 Na5 12. Bh6 Bxh6 13. Qxh6 e5 14. Nde2 b5 15. h4 b4 16. Nd5 Nxb3+ 17. cxb3 Nxd5 18. Rxd5 Rb6 19. h5 g5 20. f4 Bg4 21. fxg5 Bxe2 22. g6 fxg6 23. hxg6 Qe7 24. Rd2 Rc6+ 25. Kb1 Bg4 26. Rd3 Rf4 27. Rg3 Qg7 28. gxh7+ Kf7 29. Qxg7+ 1-0

[Event "Quebec-ch op"]
[Site "Montreal"]
[Date "2013.07.24"]
[Round "5"]
[White "Tomb, Maroun"]
[Black "Calugar, Arthur"]
[Result "1/2-1/2"]
[WhiteElo "2133"]
[BlackElo "2282"]
[PlyCount "95"]
[EventDate "2013.07.21"]
[EventType "swiss"]
[EventRounds "9"]
[EventCountry "CAN"]
[SourceTitle "EXT 2014"]
[Source "ChessBase"]
[SourceDate "2013.11.20"]
[SourceVersion "1"]
[SourceVersionDate "2013.11.20"]
[SourceQuality "1"]

1. c4 Nf6 2. Nc3 c5 3. g3 Nc6 4. Bg2 d6 5. Nf3 e5 6. 0-0 Be7 7. d3 0-0 8. a3 Bd7 9. Rb1 Qc8 10. b4 cxb4 11. axb4 Bh3 12. b5 Nd8 13. Bg5 Qg4 14. Bxf6 Bxf6 15. Nd5 Ne6 16. Nxf6+ gxf6 17. Bxh3 Qxh3 18. e4 Qg4 19. Nh4 Qxd1 20. Rfxd1 Nd4 21. Kg2 a5 22. bxa6 bxa6 23. Rb6 a5 24. Nf5 Nxf5 25. exf5 Rfd8 26. Ra1 d5 27. Rxf6 dxc4 28. dxc4 Rd2 29. Rb6 a4 30. Ra3 Rc2 31. Rb4 Rd8 32. Rbxa4 Rdd2 33. Rf3 e4 34. Rf4 e3 35. Rg4+ Kf8 36. Ra8+ Ke7 37. Re4+ Kd6 38. Rxe3 Rxf2+ 39. Kh3 h5 40. Kh4 Rxf5 41. h3 Rxc4+ 42. g4 hxg4 43. hxg4 Rff4 44. Rd8+ Kc7 45. Rg8 f5 46. Kh5 fxg4 47. Rg3 Rf2 48. R8xg4 1/2-1/2